| 000 | 00591nam a2200181 i 4500 | ||
|---|---|---|---|
| 001 | 73086 | ||
| 003 | ES-MaACL | ||
| 005 | 20230906171651.0 | ||
| 007 | t| | ||
| 008 | 040906s1957 sp |||| | spa d | ||
| 100 | 1 |
_aGolobardes Vila, Miguel. _957712 |
|
| 245 | 1 | 0 |
_aMonetario _b: descripción de las piezas / _cpor Miguel Golobardes Vila. |
| 260 |
_a[S.l. : _bBiblioteca Palacio Peralada, _c1957] ( _eBarcelona : _fRequesens) |
||
| 300 |
_a187 p. ; _c20 cm. |
||
| 650 | 4 |
_aMonedas- _vCatálogos. _9136528 |
|
| 710 | 2 |
_aPalacio de Perelada. _bBiblioteca. _9140699 |
|
| 852 |
_aES-MaACL _jC-13841 |
||
| 999 |
_c73086 _d73086 |
||